000
00348nam a22001577a 4500
005
20160702100029.0
008
160702b xxu||||| |||| 00| 0 eng d
020
_a
978-0-19-807640-7
041
_a
eng
082
_b
20834
245
_a
English Hindi Dictionary
260
_b
Oxford
300
_a
1517
650
_a
Dictionary
_9
2942
942
_c
BK
999
_c
5141
_d
5139